Gravitation and spacetime

Saved in:
Bibliografiske detaljer
Hovedforfatter: Ohanian, Hans C. (Author)
Format: Bog
Sprog:engelsk
Udgivet: Nueva York W. W. Norton 1976
Fag:
Tags: Tilføj Tag
Ingen Tags, Vær først til at tagge denne postø!

MARC

LEADER 00000nam a2200000 a 4500
001 UCG0967
003 CL-VaPUC
008 100415e19760000US |||||||||||||||||eng|d
020 |a 0393091988 
082 0 4 |a 530.11  |b OHA  |2 21 
100 |a Ohanian, Hans C.  |e author  |9 567619 
245 1 0 |a Gravitation and spacetime 
300 |a 461 p 
942 |c BK 
945 |d 20100415 00:00:00  |a cmena 
260 |a Nueva York  |b W. W. Norton  |c 1976 
650 0 |a Gravitación   |9 332312 
650 0 |a Espacio y tiempo  |9 265042 
650 0 |a Física matemática   |9 260981 
650 0 |a Cosmología  |9 269138 
650 0 |a Teoría de campo de Gauge  |9 324187 
583 |a last modification  |c 20131230 06:52:18  |k Rodrigo Vera 
999 |c 340448  |d 340446 
952 |0 0  |1 0  |4 0  |6 530_110000000000000_OHA_1976  |7 0  |8 A  |9 435218  |a BIBCUR  |b BIBCUR  |d 2019-11-22  |i 4535820  |l 1  |o 530.11 OHA 1976  |p 4535820  |r 2025-04-22  |s 2023-08-30  |w 2019-11-22  |y BK  |k FIS